000 00515nam a2200193Ia 4500
005 20250508152055.0
008 008 250505s9999 xx 000 0 eng d
037 _aTextual
040 _aFEDL
_beng
_cFEDL
041 _aeng
_2eng
084 _a331.86, INT
_qFEDL
245 0 _aCo-operation : A workers' education manual
260 _c1956
300 _aviii,157p.
490 _aInternational Labour Office
650 _aEconomics
942 _cTEXL
_h331.86, INT
999 _c1334090
_d1334090